000 00892nab a2200253 4500
003 BR-BrBNA
005 20240929232912.0
008 240929b bl.||||| |||| 00| 0 por d
040 _aBR-BrBNA
_bpor
072 _aQ03 ; D50 ; H01
100 _4Rezende, Márcio
245 _aO desafio da Defesa Agropecuária: assimilar o presente e pensar no futuro
500 _a7 illus.
650 _aDEFESA VEGETAL
650 _aDEFESA ANIMAL
650 _aINSPEÇÃO SANITÁRIA
650 _aBIOSSEGURANÇA
650 _aSAÚDE PÚBLICA
650 _aCONTROLE DE QUALIDADE
650 _aNORMALIZAÇÃO
773 0 _04945
_920965
_dBrasília-DF Ministério da Agricultura, Pecuária e Abastecimento . Secretaria de Defesa Agropecuária 2022 -
_o2023-43711
_tRevista da Defesa Agropecuária (Brazil)
_gv. 1(1) p. 8-12; (Nov 2022)
_wBR2024002751
942 _cANA
999 _c327868
_d327868